Vybrané problémy tvorby systému modelovania pre potreby optimalizácie využívania krajiny na celosvetovej úrovni

Bibliographic Details
Main Authors: Skalský, Rastislav (Author), Tarasovičová, Zuzana (Author), Balkovič, Juraj (Author), Schmid, Erwin (Author)
Format: Article
Language:Slovak
PhysicalDescription:Obr., tab.
ISBN:9788089128518
Subjects:

MARC

LEADER 00000nab a2200000 ar4500
001 vtls009958207
003 SK-MaSNL
005 20260304233813.0
008 091008c2008 xo |||||||||||000 b|slo
015 |a SNBRA2009/10  |2 snkbucl 
038 |a SNKBUCL 
040 |a SNKBUCL  |b slo  |c SNKBUCL  |e AACR2 
041 1 |a slo  |b eng  |b slo 
044 |a xo  |c SK 
080 |a 504.54  |2 1997 
080 |a 519.876.5  |2 1997 
245 0 0 |a Vybrané problémy tvorby systému modelovania pre potreby optimalizácie využívania krajiny na celosvetovej úrovni  |c Rastislav Skalský ... [et al.] 
246 3 1 |a Selected problems of creation the modeling systems for global-level land use optimization 
300 |b Obr., tab. 
504 |a Bibliogr. odkazy 
546 |a Res. angl., slov. 
650 0 7 |a využívanie krajiny  |2 snkbucl  |9 186151 
650 0 7 |a simulačné modely  |2 snkbucl  |9 3667 
700 1 |a Skalský, Rastislav  |4 aut  |9 359468 
700 1 |a Tarasovičová, Zuzana  |4 aut  |9 359469 
700 1 |a Balkovič, Juraj  |4 aut  |9 8765 
700 1 |a Schmid, Erwin  |4 aut  |9 1567816 
773 0 |t Vedecké práce Výskumného ústavu pôdoznalectva a ochrany pôdy 30/2008  |d Bratislava : Výskumný ústav pôdoznalectva a ochrany pôdy, 2008  |g S. 100-112  |z 9788089128518 
852 |a SNK  |b KIS3GCP 
958 |a NB 
999 |c 3200315  |d 3202245